| 000 | 00782nam0a22002411 4500 | ||
|---|---|---|---|
| 001 | rc\282812 | ||
| 005 | 20260406025821.0 | ||
| 010 |
_a5-292-00427-8 _91000 |
||
| 035 | _a(NLR Aleph) 005511172 | ||
| 090 |
_a5408473 _c5408473 |
||
| 100 | _a20030307d1990 |||y0rusy50 ca | ||
| 101 | 0 | _arus | |
| 102 | _aRU | ||
| 105 | _ay ||||||||| | ||
| 200 | 1 |
_aПоэтика романа _fПод ред. С.А. Голубкова |
|
| 210 |
_aКуйбышев _cИзд-во Сарат. ун-та. Куйбышев. фил. _d1990 |
||
| 215 |
_a252, [2] с. _d22 |
||
| 700 | 1 |
_8rus _7ca _aРымарь _bН. Т. _f1945- _gНиколай Тимофеевич _3RU\NLR\auth\77256 _9110314 |
|
| 801 | 0 |
_aRU _bNLR _gpsbo |
|
| 801 | 1 |
_aRU _bELAR _2rusmarc |
|
| 852 |
_aNLR _j90-5/4132 |
||
| 942 | _cBOOK | ||
| 980 | _aNB | ||